书目信息 |
| 题名: |
2013中文版AutoCAD建筑与装修设计经典案例
|
|
| 作者: | 卓文 主编 | |
| 分册: | ||
| 出版信息: | 上海 上海科学普及出版社 2013 |
|
| 页数: | 325页 | |
| 开本: | 26cm | |
| 丛书名: | 设计师实战应用丛书 | |
| 单 册: | ||
| 中图分类: | TU201.4 , TU238-39 | |
| 科图分类: | ||
| 主题词: | 建筑设计--计算机辅助设计--AutoCAD软件 , 室内装饰设计--计算机辅助设计--AutoCAD软件 | |
| 电子资源: | ||
| ISBN: | 978-7-5427-5892-7 | |
| 000 | 01134nam0 2200277 450 | |
| 001 | 3744 | |
| 005 | 20160927091215.34 | |
| 010 | @a978-7-5427-5892-7@dCNY48.00 | |
| 100 | @a20140313d2013 em y0chiy50 ea | |
| 101 | 0 | @achi |
| 102 | @aCN@b310000 | |
| 105 | @ay z 000yy | |
| 200 | 1 | @a2013中文版AutoCAD建筑与装修设计经典案例@92013 zhong wen ban AutoCAD jian zhu yu zhuang xiu she ji jing dian an li@f卓文主编 |
| 210 | @a上海@c上海科学普及出版社@d2013 | |
| 215 | @a325页@d26cm@e1光盘 | |
| 225 | 1 | @a设计师实战应用丛书 |
| 300 | @a附光盘 | |
| 307 | @a附光盘:ISBN 978-7-89418-018-6 | |
| 330 | @a本书详细地介绍了AutoCAD 2013在建筑与室内装修设计方面的应用技巧。本书全面地讲解了AutoCAD在建筑与室内装修设计中的应用,包括家居装修设计、别墅装修设计、茶楼装修设计、绘制建筑平面图、绘制建筑立面图、绘制建筑剖面图、绘制建筑总平面图、绘制节点详图。 | |
| 606 | 0 | @a建筑设计@x计算机辅助设计@xAutoCAD软件 |
| 606 | 0 | @a室内装饰设计@x计算机辅助设计@xAutoCAD软件 |
| 690 | @aTU201.4@v5 | |
| 690 | @aTU238-39@v5 | |
| 701 | 0 | @a卓文@9zhuo wen@c(图书出版)@4主编 |
| 801 | 0 | @aCN@b唐山师范学院图书馆@c20151002 |
| 905 | @aZUCC@dTU201.4@e830 | |
| 2013中文版AutoCAD建筑与装修设计经典案例/卓文主编.-上海:上海科学普及出版社,2013 |
| 325页;26cm+1光盘.-(设计师实战应用丛书) |
| 附光盘 |
| ISBN 978-7-5427-5892-7:CNY48.00 |
| 本书详细地介绍了AutoCAD 2013在建筑与室内装修设计方面的应用技巧。本书全面地讲解了AutoCAD在建筑与室内装修设计中的应用,包括家居装修设计、别墅装修设计、茶楼装修设计、绘制建筑平面图、绘制建筑立面图、绘制建筑剖面图、绘制建筑总平面图、绘制节点详图。 |
| ● |
| 相关链接 |
|
|
|
|
正题名:2013中文版AutoCAD建筑与装修设计经典案例
索取号:TU201.4/830
 
预约/预借
| 序号 | 登录号 | 条形码 | 馆藏地/架位号 | 状态 | 备注 |
| 1 | 906406 | 209064064 | 第二样本阅览室/ [索取号:TU201.4/830] | 在馆 | |
| 2 | 906407 | 209064073 | 第三借阅区/ [索取号:TU201.4/830] | 在馆 | |
| 3 | 906408 | 209064082 | 第三借阅区/ [索取号:TU201.4/830] | 在馆 | |
| 4 | 906409 | 209064091 | 第三借阅区/ [索取号:TU201.4/830] | 在馆 | |
| 5 | 906410 | 209064108 | 第三借阅区/ [索取号:TU201.4/830] | 在馆 |